000
00279nam a2200121Ia 4500
008
190216s9999||||xx |||||||||||||| ||und||
100
_a
Shakespere
245
4
_a
The Tempest
260
_b
Oxford University Press
_c
1971
300
_a
192p
650
_a
English Drama
942
_c
BK
999
_c
13274
_d
13274